[Event "December Evenings 2018"]
[Site "Chelyabinsk"]
[Date "2018.12.09"]
[Round "2.1"]
[White "Mukhina, Jana"]
[Black "Khokhlova, Daria"]
[Result "0-1"]
[BlackElo "2230"]
[WhiteElo "2072"]
[LiveChessVersion "1.4.8"]

1. e4 {[%clk 1:30:59]} c5 {[%clk 1:30:57]} 2. Nf3 {[%clk 1:31:07]} g6
{[%clk 1:31:23]} 3. c3 {[%clk 1:27:48]} Bg7 {[%clk 1:30:49]} 4. d4
{[%clk 1:27:51]} cxd4 {[%clk 1:31:16]} 5. cxd4 {[%clk 1:28:20]} d5
{[%clk 1:31:42]} 6. e5 {[%clk 1:28:47]} Nh6 {[%clk 1:31:27]} 7. h3
{[%clk 1:23:54]} O-O {[%clk 1:30:57]} 8. Bf4 {[%clk 1:22:35]} f6 {[%clk 1:27:36]}
9. Qd2 {[%clk 1:01:44]} Nf7 {[%clk 1:26:58]} 10. Bb5 {[%clk 0:57:44]} a6
{[%clk 1:18:52]} 11. Ba4 {[%clk 0:53:59]} b5 {[%clk 1:16:25]} 12. Bb3
{[%clk 0:53:29]} Nc6 {[%clk 1:13:38]} 13. exf6 {[%clk 0:48:13]} exf6
{[%clk 1:11:59]} 14. O-O {[%clk 0:42:15]} Be6 {[%clk 1:08:43]} 15. Re1
{[%clk 0:41:08]} Qd7 {[%clk 1:03:55]} 16. Nc3 {[%clk 0:28:43]} Rad8
{[%clk 0:55:30]} 17. Ne2 {[%clk 0:27:33]} Rfe8 {[%clk 0:50:24]} 18. a4
{[%clk 0:24:25]} Nd6 {[%clk 0:46:09]} 19. Bxd6 {[%clk 0:22:38]} Qxd6
{[%clk 0:46:38]} 20. axb5 {[%clk 0:22:45]} axb5 {[%clk 0:47:07]} 21. Nc3
{[%clk 0:18:22]} Qb4 {[%clk 0:37:46]} 22. Ba2 {[%clk 0:09:03]} Bf7
{[%clk 0:32:20]} 23. Qd3 {[%clk 0:04:40]} Rxe1+ {[%clk 0:31:48]} 24. Rxe1
{[%clk 0:04:57]} Qxb2 {[%clk 0:29:52]} 25. Bxd5 {[%clk 0:01:17]} Bxd5
{[%clk 0:27:53]} 26. Nxd5 {[%clk 0:01:37]} Rxd5 {[%clk 0:25:25]} 27. Qe4
{[%clk 0:02:06]} Rd6 {[%clk 0:25:26]} 28. Rb1 {[%clk 0:01:02]} Qa2
{[%clk 0:24:37]} 29. Rc1 {[%clk 0:01:02]} Qa8 {[%clk 0:21:51]} 30. d5
{[%clk 0:00:33]} Ne5 {[%clk 0:20:54]} 31. Rc5 {[%clk 0:00:34]} Nxf3+
{[%clk 0:19:50]} 32. Qxf3 {[%clk 0:00:36]} b4 {[%clk 0:17:15]} 33. Rb5
{[%clk 0:00:35]} Qe8 {[%clk 0:17:01]} 34. Kh2 {[%clk 0:00:34]} Qxb5
{[%clk 0:17:27]} 0-1

[Event "December Evenings 2018"]
[Site "Chelyabinsk"]
[Date "2018.12.09"]
[Round "2.2"]
[White "Filippova, Darya"]
[Black "Eidelson, Rakhil"]
[Result "0-1"]
[BlackElo "2086"]
[WhiteElo "2066"]
[LiveChessVersion "1.4.8"]

1. c4 {[%clk 1:30:57]} Nf6 {[%clk 1:30:56]} 2. Nc3 {[%clk 1:30:54]} g6
{[%clk 1:31:21]} 3. e4 {[%clk 1:29:42]} d6 {[%clk 1:31:47]} 4. d4
{[%clk 1:29:22]} Bg7 {[%clk 1:32:11]} 5. Nge2 {[%clk 1:28:18]} O-O
{[%clk 1:32:11]} 6. Ng3 {[%clk 1:27:54]} c5 {[%clk 1:29:58]} 7. d5
{[%clk 1:27:51]} Na6 {[%clk 1:28:46]} 8. Be2 {[%clk 1:24:18]} Nc7
{[%clk 1:28:41]} 9. h4 {[%clk 1:13:16]} h5 {[%clk 1:23:31]} 10. Bg5
{[%clk 1:13:22]} a6 {[%clk 1:16:55]} 11. O-O {[%clk 1:09:59]} Ng4
{[%clk 1:02:19]} 12. f3 {[%clk 1:04:31]} Bd4+ {[%clk 1:02:02]} 13. Kh1
{[%clk 1:04:42]} Nf2+ {[%clk 0:58:06]} 14. Rxf2 {[%clk 1:05:01]} Bxf2
{[%clk 0:58:33]} 15. Kh2 {[%clk 1:01:24]} Bd4 {[%clk 0:53:00]} 16. f4
{[%clk 0:59:54]} Ne8 {[%clk 0:51:19]} 17. Qd3 {[%clk 0:57:09]} Nf6
{[%clk 0:48:41]} 18. e5 {[%clk 0:51:06]} dxe5 {[%clk 0:46:23]} 19. Bxf6
{[%clk 0:49:05]} exf6 {[%clk 0:46:31]} 20. f5 {[%clk 0:49:22]} e4
{[%clk 0:43:20]} 21. Ncxe4 {[%clk 0:45:30]} gxf5 {[%clk 0:34:40]} 22. Nd2
{[%clk 0:38:11]} Qd6 {[%clk 0:29:58]} 23. Qf3 {[%clk 0:38:13]} Re8
{[%clk 0:27:44]} 24. Qxh5 {[%clk 0:37:01]} Bf2 {[%clk 0:23:00]} 25. Ndf1
{[%clk 0:36:06]} Qf4 {[%clk 0:21:45]} 26. Bf3 {[%clk 0:35:52]} Kg7
{[%clk 0:21:36]} 27. Rd1 {[%clk 0:34:34]} Rh8 {[%clk 0:21:43]} 28. Kh3
{[%clk 0:34:50]} Qe5 {[%clk 0:18:59]} 0-1

[Event "December Evenings 2018"]
[Site "Chelyabinsk"]
[Date "2018.12.09"]
[Round "2.3"]
[White "Petrukhina, Olga"]
[Black "Mar, Karmen"]
[Result "1-0"]
[BlackElo "2088"]
[WhiteElo "2139"]
[LiveChessVersion "1.4.8"]

1. Nf3 {[%clk 1:30:59]} d5 {[%clk 1:30:26]} 2. c4 {[%clk 1:31:27]} c6
{[%clk 1:30:36]} 3. g3 {[%clk 1:31:54]} Bg4 {[%clk 1:30:14]} 4. Qb3
{[%clk 1:32:19]} Bxf3 {[%clk 1:19:54]} 5. exf3 {[%clk 1:31:15]} Qd7
{[%clk 1:19:14]} 6. d4 {[%clk 1:31:28]} e6 {[%clk 1:17:22]} 7. Be3
{[%clk 1:19:35]} Nf6 {[%clk 1:11:43]} 8. Nd2 {[%clk 1:19:48]} Be7
{[%clk 1:07:49]} 9. c5 {[%clk 1:16:34]} Qc8 {[%clk 1:00:52]} 10. Qc3
{[%clk 1:11:07]} a5 {[%clk 0:49:19]} 11. Bd3 {[%clk 0:59:49]} Na6
{[%clk 0:46:50]} 12. Rc1 {[%clk 0:58:37]} Nc7 {[%clk 0:37:41]} 13. a4
{[%clk 0:43:58]} Na6 {[%clk 0:35:28]} 14. O-O {[%clk 0:41:08]} Nb4
{[%clk 0:31:35]} 15. Bb1 {[%clk 0:41:31]} O-O {[%clk 0:25:54]} 16. Nb3
{[%clk 0:40:07]} Bd8 {[%clk 0:24:48]} 17. Qe1 {[%clk 0:30:27]} Qb8
{[%clk 0:21:15]} 18. Bd2 {[%clk 0:21:14]} Qa7 {[%clk 0:21:37]} 19. Bg5
{[%clk 0:19:51]} Qa6 {[%clk 0:20:07]} 20. Qd2 {[%clk 0:17:44]} Re8
{[%clk 0:18:13]} 21. Rfe1 {[%clk 0:17:00]} Be7 {[%clk 0:13:04]} 22. Kg2
{[%clk 0:13:28]} Qa7 {[%clk 0:09:04]} 23. h4 {[%clk 0:12:46]} Nd7
{[%clk 0:07:16]} 24. Bxe7 {[%clk 0:05:46]} Rxe7 {[%clk 0:07:44]} 25. f4
{[%clk 0:06:02]} Ree8 {[%clk 0:05:24]} 26. Re3 {[%clk 0:04:53]} Nf6
{[%clk 0:03:45]} 27. Qe2 {[%clk 0:04:01]} Qa6 {[%clk 0:02:50]} 28. Qe1
{[%clk 0:02:02]} Ne4 {[%clk 0:01:49]} 29. f3 {[%clk 0:01:51]} Nf6
{[%clk 0:02:00]} 30. Rcc3 {[%clk 0:01:47]} Qa7 {[%clk 0:01:40]} 31. Re2
{[%clk 0:01:44]} Qa6 {[%clk 0:01:45]} 32. g4 {[%clk 0:00:47]} Qa7
{[%clk 0:01:42]} 33. Rce3 {[%clk 0:00:39]} Kf8 {[%clk 0:01:11]} 34. h5
{[%clk 0:00:38]} h6 {[%clk 0:01:08]} 35. Qh4 {[%clk 0:00:38]} Qb8
{[%clk 0:00:39]} 36. g5 {[%clk 0:00:52]} Ng8 {[%clk 0:00:45]} 37. f5
{[%clk 0:00:34]} Qc8 {[%clk 0:00:36]} 38. fxe6 {[%clk 0:00:46]} Rxe6
{[%clk 0:00:39]} 39. Rxe6 {[%clk 0:01:06]} fxe6 {[%clk 0:00:58]} 40. Qf4+
{[%clk 0:01:17]} Ke8 {[%clk 0:00:36]} 41. Bg6+ {[%clk 0:01:23]} Kd8
{[%clk 0:00:49]} 42. Qf8+ {[%clk 0:01:13]} 1-0

[Event "December Evenings 2018"]
[Site "Chelyabinsk"]
[Date "2018.12.09"]
[Round "2.4"]
[White "Prudnikova, Svetlana"]
[Black "Vinokur, Yuliya"]
[Result "1/2-1/2"]
[BlackElo "2170"]
[WhiteElo "2235"]
[LiveChessVersion "1.4.8"]

1. d4 {[%clk 1:30:58]} d5 {[%clk 1:30:49]} 2. c4 {[%clk 1:31:04]} e6
{[%clk 1:30:59]} 3. Nf3 {[%clk 1:31:09]} c5 {[%clk 1:31:19]} 4. cxd5
{[%clk 1:31:00]} exd5 {[%clk 1:31:25]} 5. Nc3 {[%clk 1:31:07]} Nc6
{[%clk 1:31:25]} 6. g3 {[%clk 1:31:21]} Nf6 {[%clk 1:31:47]} 7. Bg2
{[%clk 1:31:49]} Be7 {[%clk 1:32:08]} 8. O-O {[%clk 1:32:01]} O-O
{[%clk 1:32:31]} 9. Bg5 {[%clk 1:32:18]} c4 {[%clk 1:32:04]} 10. Ne5
{[%clk 1:32:05]} Be6 {[%clk 1:32:22]} 11. b3 {[%clk 1:29:53]} Qa5
{[%clk 1:29:18]} 12. Nxc6 {[%clk 1:26:28]} 1/2-1/2

[Event "December Evenings 2018"]
[Site "Chelyabinsk"]
[Date "2018.12.09"]
[Round "2.7"]
[White "Remizov, Yaroslav"]
[Black "Tosic, Miroslav"]
[Result "1-0"]
[BlackElo "2362"]
[WhiteElo "2315"]
[LiveChessVersion "1.4.8"]

1. e4 {[%clk 1:28:40]} e6 {[%clk 1:30:38]} 2. d4 {[%clk 1:28:57]} d5
{[%clk 1:31:00]} 3. Nc3 {[%clk 1:29:24]} h6 {[%clk 1:31:13]} 4. Bd3
{[%clk 1:25:44]} Nc6 {[%clk 1:30:03]} 5. Nge2 {[%clk 1:23:26]} Nb4
{[%clk 1:30:01]} 6. Bf4 {[%clk 1:15:37]} dxe4 {[%clk 1:28:21]} 7. Nxe4
{[%clk 1:12:39]} Be7 {[%clk 1:27:23]} 8. c3 {[%clk 1:06:15]} Nxd3+
{[%clk 1:24:49]} 9. Qxd3 {[%clk 1:06:44]} Nf6 {[%clk 1:25:10]} 10. Nxf6+
{[%clk 1:04:35]} Bxf6 {[%clk 1:25:34]} 11. Qg3 {[%clk 1:04:10]} c6
{[%clk 1:25:57]} 12. O-O {[%clk 1:03:28]} b6 {[%clk 1:26:22]} 13. c4
{[%clk 0:57:09]} Ba6 {[%clk 1:25:06]} 14. Rac1 {[%clk 0:55:57]} Bg5
{[%clk 1:11:13]} 15. Bxg5 {[%clk 0:50:13]} Qxg5 {[%clk 1:08:38]} 16. Qa3
{[%clk 0:47:48]} Bb7 {[%clk 1:08:29]} 17. Nc3 {[%clk 0:41:52]} Qe7
{[%clk 0:44:52]} 18. c5 {[%clk 0:33:10]} O-O {[%clk 0:22:02]} 19. Ne4
{[%clk 0:33:19]} e5 {[%clk 0:22:07]} 20. dxe5 {[%clk 0:33:02]} Qxe5
{[%clk 0:22:30]} 21. Nd6 {[%clk 0:32:56]} Qe7 {[%clk 0:21:59]} 22. Rfe1
{[%clk 0:29:38]} Qc7 {[%clk 0:22:22]} 23. Qc3 {[%clk 0:28:39]} Qd7
{[%clk 0:17:48]} 24. Re3 {[%clk 0:24:17]} Kh8 {[%clk 0:14:57]} 25. b4
{[%clk 0:15:08]} a5 {[%clk 0:15:11]} 26. a3 {[%clk 0:15:20]} axb4
{[%clk 0:15:34]} 27. axb4 {[%clk 0:15:47]} bxc5 {[%clk 0:15:57]} 28. bxc5
{[%clk 0:16:14]} Ba6 {[%clk 0:08:48]} 29. Rce1 {[%clk 0:15:48]} Kg8
{[%clk 0:08:57]} 30. h3 {[%clk 0:13:37]} Ra7 {[%clk 0:06:00]} 31. Re7
{[%clk 0:13:51]} 1-0

[Event "December Evenings 2018"]
[Site "Chelyabinsk"]
[Date "2018.12.09"]
[Round "2.8"]
[White "Mischuk, Dmitry"]
[Black "Radzhabov, Rodion"]
[Result "1-0"]
[BlackElo "2332"]
[WhiteElo "2363"]
[LiveChessVersion "1.4.8"]

1. d4 {[%clk 1:30:51]} Nf6 {[%clk 1:30:54]} 2. c4 {[%clk 1:31:13]} e6
{[%clk 1:31:20]} 3. g3 {[%clk 1:31:35]} Bb4+ {[%clk 1:31:46]} 4. Bd2
{[%clk 1:31:54]} Qe7 {[%clk 1:32:10]} 5. Bg2 {[%clk 1:32:11]} Bxd2+
{[%clk 1:32:19]} 6. Qxd2 {[%clk 1:26:24]} d5 {[%clk 1:30:46]} 7. Nf3
{[%clk 1:18:25]} Nc6 {[%clk 1:26:23]} 8. O-O {[%clk 1:16:27]} O-O
{[%clk 1:26:34]} 9. Qc2 {[%clk 1:13:27]} Rd8 {[%clk 1:26:09]} 10. Nbd2
{[%clk 1:10:11]} dxc4 {[%clk 1:23:29]} 11. e3 {[%clk 1:10:17]} e5
{[%clk 1:10:18]} 12. dxe5 {[%clk 1:10:07]} Nxe5 {[%clk 1:10:15]} 13. Nxe5
{[%clk 1:10:28]} Qxe5 {[%clk 1:10:41]} 14. Nxc4 {[%clk 1:10:51]} Qe7
{[%clk 1:11:01]} 15. Rfd1 {[%clk 1:08:00]} Rxd1+ {[%clk 1:08:38]} 16. Rxd1
{[%clk 1:08:24]} c6 {[%clk 1:08:33]} 17. Na5 {[%clk 0:44:33]} Bg4
{[%clk 0:59:32]} 18. Rd2 {[%clk 0:41:22]} Re8 {[%clk 0:51:29]} 19. a3
{[%clk 0:40:22]} h5 {[%clk 0:45:22]} 20. h3 {[%clk 0:30:44]} Bc8 {[%clk 0:42:19]}
21. Qd3 {[%clk 0:27:56]} Qc7 {[%clk 0:17:38]} 22. b4 {[%clk 0:24:52]} Nd5
{[%clk 0:13:47]} 23. Qc4 {[%clk 0:19:17]} Qe5 {[%clk 0:09:23]} 24. Qd4
{[%clk 0:16:07]} Qxd4 {[%clk 0:09:45]} 25. Rxd4 {[%clk 0:16:34]} Nc7
{[%clk 0:09:15]} 26. Rd3 {[%clk 0:15:20]} Kf8 {[%clk 0:08:24]} 27. a4
{[%clk 0:09:44]} Ke7 {[%clk 0:06:49]} 28. b5 {[%clk 0:04:41]} cxb5
{[%clk 0:07:11]} 29. axb5 {[%clk 0:04:52]} Nxb5 {[%clk 0:07:12]} 30. Nxb7
{[%clk 0:04:04]} Bxb7 {[%clk 0:04:22]} 31. Bxb7 {[%clk 0:04:29]} Rd8
{[%clk 0:04:40]} 32. Rb3 {[%clk 0:04:28]} Nd6 {[%clk 0:04:51]} 33. Bf3
{[%clk 0:04:44]} g6 {[%clk 0:05:03]} 34. Ra3 {[%clk 0:04:54]} Rd7
{[%clk 0:05:25]} 35. Ra6 {[%clk 0:03:43]} Rc7 {[%clk 0:05:46]} 36. Kg2
{[%clk 0:04:07]} Nc4 {[%clk 0:05:39]} 37. Be2 {[%clk 0:03:37]} Nb6
{[%clk 0:05:39]} 38. Kf3 {[%clk 0:03:26]} Kd6 {[%clk 0:04:58]} 39. Ra5
{[%clk 0:02:21]} Nd7 {[%clk 0:04:28]} 40. g4 {[%clk 0:02:01]} hxg4+
{[%clk 0:04:43]} 41. hxg4 {[%clk 0:02:28]} f6 {[%clk 0:03:25]} 42. Ke4 Ke5+ 1/2-1/2

[Event "December Evenings 2018"]
[Site "Chelyabinsk"]
[Date "2018.12.09"]
[Round "2.9"]
[White "Bogdanov, Nikita"]
[Black "Nugumanov, Bakhtiyar"]
[Result "0-1"]
[BlackElo "2391"]
[WhiteElo "2271"]
[LiveChessVersion "1.4.8"]

1. e4 {[%clk 1:30:59]} c5 {[%clk 1:30:30]} 2. Nc3 {[%clk 1:31:21]} g6
{[%clk 1:28:44]} 3. Nge2 {[%clk 1:30:26]} Bg7 {[%clk 1:28:33]} 4. g3
{[%clk 1:30:38]} Nc6 {[%clk 1:27:36]} 5. Bg2 {[%clk 1:30:39]} e6 {[%clk 1:27:23]}
6. O-O {[%clk 1:25:35]} Nge7 {[%clk 1:27:06]} 7. d3 {[%clk 1:25:06]} O-O
{[%clk 1:26:04]} 8. Be3 {[%clk 1:19:54]} Nd4 {[%clk 1:25:59]} 9. f4
{[%clk 1:18:04]} d6 {[%clk 1:25:58]} 10. Qd2 {[%clk 1:15:09]} Rb8
{[%clk 1:23:54]} 11. g4 {[%clk 1:11:40]} f5 {[%clk 1:20:19]} 12. gxf5
{[%clk 1:02:05]} exf5 {[%clk 1:19:02]} 13. Bxd4 {[%clk 0:49:00]} cxd4
{[%clk 1:19:19]} 14. Nd5 {[%clk 0:47:39]} Nxd5 {[%clk 1:15:45]} 15. exd5
{[%clk 0:48:07]} Re8 {[%clk 1:14:12]} 16. Rfe1 {[%clk 0:46:58]} Bd7
{[%clk 1:10:05]} 17. Ng3 {[%clk 0:42:26]} Bh6 {[%clk 1:02:57]} 18. Rxe8+
{[%clk 0:40:36]} Bxe8 {[%clk 1:01:09]} 19. c4 {[%clk 0:30:45]} dxc3
{[%clk 0:57:56]} 20. bxc3 {[%clk 0:30:58]} Qa5 {[%clk 0:55:49]} 21. Ne2
{[%clk 0:15:35]} Bf7 {[%clk 0:55:08]} 22. Qb2 {[%clk 0:15:11]} Re8
{[%clk 0:51:39]} 23. Kf2 {[%clk 0:11:47]} Qd8 {[%clk 0:46:27]} 24. Qd2
{[%clk 0:06:35]} Qh4+ {[%clk 0:46:12]} 25. Kg1 {[%clk 0:06:54]} Qg4
{[%clk 0:42:54]} 26. Kf2 {[%clk 0:05:47]} Qh4+ {[%clk 0:39:33]} 27. Kg1
{[%clk 0:06:09]} Qe7 {[%clk 0:36:50]} 28. Kf2 {[%clk 0:05:31]} Kf8
{[%clk 0:36:40]} 29. Rf1 {[%clk 0:05:09]} Qc7 {[%clk 0:35:13]} 30. Kg3
{[%clk 0:03:30]} Qa5 {[%clk 0:34:51]} 31. Nd4 {[%clk 0:02:08]} Bxd5
{[%clk 0:32:22]} 32. Bxd5 {[%clk 0:02:06]} Qxd5 {[%clk 0:32:50]} 33. Re1
{[%clk 0:02:18]} Bg7 {[%clk 0:26:43]} 34. Rxe8+ {[%clk 0:02:40]} Kxe8
{[%clk 0:27:12]} 35. Qe3+ {[%clk 0:03:03]} Kd7 {[%clk 0:27:01]} 36. Nf3
{[%clk 0:03:31]} Qxa2 {[%clk 0:26:27]} 37. c4 {[%clk 0:03:49]} Bf6
{[%clk 0:24:52]} 38. Nd4 {[%clk 0:01:14]} Bxd4 {[%clk 0:24:20]} 39. Qxd4
{[%clk 0:01:43]} Qe2 {[%clk 0:23:28]} 40. Qd5 {[%clk 0:01:02]} Qg4+
{[%clk 0:23:01]} 41. Kf2 {[%clk 0:01:28]} Qxf4+ {[%clk 0:23:12]} 42. Kg2
{[%clk 0:01:26]} Kc7 {[%clk 0:22:54]} 43. Qa5+ {[%clk 0:01:09]} Kc8
{[%clk 0:22:43]} 44. Qxa7 {[%clk 0:01:36]} Qd2+ {[%clk 0:22:16]} 45. Kg1
{[%clk 0:01:48]} Qe1+ {[%clk 0:22:26]} 46. Kg2 {[%clk 0:02:13]} Qe2+
{[%clk 0:22:48]} 47. Kg1 {[%clk 0:02:31]} Qxd3 {[%clk 0:21:41]} 48. Qa8+
{[%clk 0:02:55]} Kc7 {[%clk 0:20:26]} 49. Qa5+ {[%clk 0:03:19]} Kd7
{[%clk 0:20:28]} 50. Qb5+ {[%clk 0:03:45]} Ke6 {[%clk 0:19:38]} 51. Qe8+
{[%clk 0:03:56]} Kf6 {[%clk 0:20:00]} 52. Qf8+ {[%clk 0:03:33]} Ke5
{[%clk 0:18:26]} 53. Qe7+ {[%clk 0:03:43]} Kf4 {[%clk 0:18:02]} 54. Qxh7
{[%clk 0:03:59]} Qe3+ {[%clk 0:14:52]} 55. Kg2 {[%clk 0:03:45]} Qf3+
{[%clk 0:15:04]} 56. Kg1 {[%clk 0:04:14]} Ke3 {[%clk 0:14:00]} 57. h4
{[%clk 0:02:03]} Qf2+ {[%clk 0:12:58]} 58. Kh1 {[%clk 0:02:33]} Kf3
{[%clk 0:12:52]} 59. Qh5+ {[%clk 0:00:56]} gxh5 0-1

[Event "December Evenings 2018"]
[Site "Chelyabinsk"]
[Date "2018.12.09"]
[Round "2.10"]
[White "Harutjunyan, Gevorg"]
[Black "Yumakhuzhin, Vadim"]
[Result "1/2-1/2"]
[BlackElo "2228"]
[WhiteElo "2487"]
[LiveChessVersion "1.4.8"]

1. Nf3 {[%clk 1:30:57]} Nf6 {[%clk 1:30:54]} 2. g3 {[%clk 1:31:18]} g6
{[%clk 1:31:19]} 3. b3 {[%clk 1:31:40]} Bg7 {[%clk 1:31:44]} 4. Bb2
{[%clk 1:32:04]} O-O {[%clk 1:32:07]} 5. Bg2 {[%clk 1:32:28]} d6 {[%clk 1:32:34]}
6. d4 {[%clk 1:32:45]} e5 {[%clk 1:32:58]} 7. dxe5 {[%clk 1:32:55]} Nfd7
{[%clk 1:33:20]} 8. Nc3 {[%clk 1:32:11]} dxe5 {[%clk 1:31:46]} 9. Qd2
{[%clk 1:31:55]} Nc6 {[%clk 1:23:41]} 10. O-O-O {[%clk 1:31:09]} Nb6
{[%clk 1:05:54]} 11. Qxd8 {[%clk 1:10:18]} Rxd8 {[%clk 0:40:48]} 12. Nb5
{[%clk 1:03:12]} Bf5 {[%clk 0:35:46]} 13. Nh4 {[%clk 0:59:22]} Bg4
{[%clk 0:34:39]} 14. Nxc7 {[%clk 0:55:06]} Rxd1+ {[%clk 0:30:56]} 15. Rxd1
{[%clk 0:55:18]} Rc8 {[%clk 0:30:21]} 16. Nd5 {[%clk 0:46:03]} Nxd5
{[%clk 0:26:25]} 17. Bxd5 {[%clk 0:38:41]} Bxe2 {[%clk 0:23:49]} 18. Re1
{[%clk 0:37:42]} Nb4 {[%clk 0:18:08]} 19. Rxe2 {[%clk 0:34:34]} Nxd5
{[%clk 0:18:33]} 20. Nf3 {[%clk 0:34:19]} f6 {[%clk 0:17:15]} 21. a4
{[%clk 0:29:36]} Nc3 {[%clk 0:16:22]} 22. Bxc3 {[%clk 0:29:48]} Rxc3
{[%clk 0:16:47]} 23. Nd2 {[%clk 0:29:32]} f5 {[%clk 0:11:35]} 24. Nc4
{[%clk 0:28:12]} e4 {[%clk 0:11:57]} 25. Nd6 {[%clk 0:27:02]} Rf3
{[%clk 0:12:05]} 26. Kd1 {[%clk 0:25:02]} Bd4 {[%clk 0:11:45]} 27. Ke1
{[%clk 0:22:29]} e3 {[%clk 0:10:39]} 28. Nxb7 {[%clk 0:22:48]} exf2+
{[%clk 0:10:19]} 29. Kf1 {[%clk 0:23:14]} f4 {[%clk 0:10:13]} 30. gxf4
{[%clk 0:07:35]} Rxf4 {[%clk 0:06:50]} 31. c3 {[%clk 0:07:18]} Bxc3
{[%clk 0:06:07]} 32. Rxf2 {[%clk 0:07:40]} Rxf2+ {[%clk 0:03:51]} 33. Kxf2
{[%clk 0:08:04]} Kf7 {[%clk 0:03:40]} 34. Kf3 {[%clk 0:06:45]} Ke6
{[%clk 0:02:17]} 35. Ke4 {[%clk 0:06:52]} h5 {[%clk 0:01:33]} 36. h3
{[%clk 0:04:56]} Bb4 {[%clk 0:01:07]} 37. Nd8+ {[%clk 0:05:13]} Kd7
{[%clk 0:01:25]} 38. Nf7 {[%clk 0:05:37]} Ke6 {[%clk 0:01:21]} 39. Ne5
{[%clk 0:05:48]} g5 {[%clk 0:01:23]} 40. Nc6 {[%clk 0:02:06]} Bc5
{[%clk 0:01:22]} 41. b4 {[%clk 0:01:39]} Bf2 {[%clk 0:01:06]} 42. b5
{[%clk 0:01:56]} g4 {[%clk 0:01:10]} 43. hxg4 {[%clk 0:02:21]} hxg4
{[%clk 0:01:37]} 44. a5 {[%clk 0:01:53]} g3 {[%clk 0:01:54]} 45. Kf3
{[%clk 0:02:17]} Kd6 {[%clk 0:02:07]} 46. Nxa7 {[%clk 0:01:41]} Bxa7
{[%clk 0:02:32]} 47. Ke4 Ke5+ 1/2-1/2